000 00198 a2200097 4500
001 20129
100 _aHartley A
245 _aGaullism
260 _a
_bRout ledge & Kegan
_c
090 _c14723
_d14723
942 _aNUST-CAE
_cM
_c5251
999 _c255202
_d255202